IAS 8 - Účtovná politika, zmeny v účtovných odhadoch a chyby

Salvato in:
Dettagli Bibliografici
Autore principale: Husárová, Stanislava
Natura: Capitolo di libro
Lingua:slovacco
Tags: Aggiungi Tag
Nessun Tag, puoi essere il primo ad aggiungerne!!

MARC

LEADER 00000naa$a2200000$$$4500
001 0121221
005 20240502072358.6
041 0 |a slo 
044 |a SK 
245 1 0 |a IAS 8 - Účtovná politika, zmeny v účtovných odhadoch a chyby  |c Stanislava Husárová 
100 1 |a Husárová, Stanislava